[Event "COL-chT Blitz (Women)"]
[Site "Santa Marta"]
[Date "2022.11.07"]
[Round "5.3"]
[White "Rojas Castillo, Andrea Lizeth"]
[Black "Mateus, Martha"]
[Result "0-1"]
[WhiteElo "1653"]
[BlackElo "1912"]
[PlyCount "56"]
[EventDate "2022.11.07"]
[EventType "team-swiss"]
[EventRounds "9"]
[EventCountry "COL"]
[SourceTitle "CBM 211 Extra"]
[Source "ChessBase"]
[SourceDate "2023.01.31"]
[SourceVersion "1"]
[SourceVersionDate "2023.01.31"]
[SourceQuality "1"]
[WhiteTeam "Boyaca (W)"]
[BlackTeam "Valle (W)"]
[WhiteTeamCountry "COL"]
[BlackTeamCountry "COL"]

1. d4 Nf6 2. Bf4 d5 3. e3 c5 4. c3 Nc6 5. Nd2 Bf5 6. Ngf3 e6 7. h3 h6 8. Be2 Qb6 9. b3 cxd4 10. Nxd4 Bh7 11. Nb5 e5 12. Bg3 a6 13. Nd4 exd4 14. exd4 Be7 15. 0-0 0-0 16. Nf3 Ne4 17. c4 Nc3 18. Qd2 Nxe2+ 19. Qxe2 Bf6 20. cxd5 Nxd4 21. Nxd4 Bxd4 22. d6 Bxa1 23. Rxa1 Rad8 24. Rd1 Rd7 25. Qf3 Re8 26. Bf4 Bg6 27. Qg3 Qa5 28. h4 Qxa2 0-1

[Event "COL-chT Blitz (Women)"]
[Site "Santa Marta"]
[Date "2022.11.07"]
[Round "1.3"]
[White "Toro Castaneda, Elizabeth"]
[Black "Rojas Castillo, Andrea Lizeth"]
[Result "1-0"]
[WhiteElo "1946"]
[BlackElo "1653"]
[PlyCount "51"]
[EventDate "2022.11.07"]
[EventType "team-swiss"]
[EventRounds "9"]
[EventCountry "COL"]
[SourceTitle "CBM 211 Extra"]
[Source "ChessBase"]
[SourceDate "2023.01.31"]
[SourceVersion "1"]
[SourceVersionDate "2023.01.31"]
[SourceQuality "1"]
[WhiteTeam "Antioquia (W)"]
[BlackTeam "Boyaca (W)"]
[WhiteTeamCountry "COL"]
[BlackTeamCountry "COL"]

1. e4 c5 2. Nf3 e6 3. d4 cxd4 4. Nxd4 a6 5. Nc3 Qc7 6. g3 Nf6 7. Bg2 d6 8. 0-0 Nbd7 9. f4 Be7 10. g4 Rb8 11. g5 Ng8 12. f5 e5 13. Nb3 b5 14. Nd5 Qa7+ 15. Be3 Qb7 16. Na5 Qa8 17. Nc7+ Kd8 18. Nxa8 Rxa8 19. Qd5 Rb8 20. Nc6+ Kc7 21. Nxb8 Kxb8 22. a4 Bb7 23. Qd2 f6 24. axb5 axb5 25. Qc3 fxg5 26. Ba7+ 1-0

[Event "COL-chT (Women)"]
[Site "Santa Marta"]
[Date "2022.11.02"]
[Round "1.2"]
[White "Rojas Castillo, Andrea Lizeth"]
[Black "Mateus, Martha"]
[Result "0-1"]
[WhiteElo "1666"]
[BlackElo "2012"]
[PlyCount "38"]
[EventDate "2022.11.02"]
[EventType "team-swiss"]
[EventRounds "7"]
[EventCountry "COL"]
[SourceTitle "CBM 211 Extra"]
[Source "ChessBase"]
[SourceDate "2023.01.31"]
[SourceVersion "1"]
[SourceVersionDate "2023.01.31"]
[SourceQuality "1"]
[WhiteTeam "Boyaca (W)"]
[BlackTeam "Valle (W)"]
[WhiteTeamCountry "COL"]
[BlackTeamCountry "COL"]

1. d4 Nf6 2. Bf4 d5 3. e3 c5 4. c3 Nc6 5. Nd2 Qb6 6. Qb3 c4 7. Qc2 Bg4 8. b3 cxb3 9. axb3 Rc8 10. c4 Nxd4 11. Qd3 Nc6 12. Ngf3 e6 13. cxd5 exd5 14. Qb5 Bb4 15. Qxb6 axb6 16. Bd3 Ne4 17. Ra2 Bxf3 18. gxf3 Nxd2 19. Rxd2 Ra8 0-1

[Event "Puerto Rico Inv"]
[Site "Caguas"]
[Date "2021.05.01"]
[Round "2"]
[White "Oquendo, Abel"]
[Black "Rojas Castillo, Andrea Lizeth"]
[Result "1-0"]
[WhiteElo "1942"]
[BlackElo "1669"]
[PlyCount "59"]
[EventDate "2021.04.30"]
[EventType "swiss"]
[EventRounds "5"]
[EventCountry "PUR"]
[SourceTitle "EXT 2023"]
[Source "ChessBase"]
[SourceDate "2022.10.05"]
[SourceVersion "1"]
[SourceVersionDate "2022.10.05"]
[SourceQuality "1"]

1. e4 c5 2. Nf3 e6 3. d4 cxd4 4. Nxd4 a6 5. Nc3 Qc7 6. a3 Nf6 7. Be3 b5 8. Bd3 Bb7 9. 0-0 Be7 10. f4 d6 11. h3 Nbd7 12. Nb3 Nc5 13. Nxc5 dxc5 14. e5 Nd5 15. Nxd5 Bxd5 16. Qg4 g6 17. Rae1 Qc6 18. Kh2 0-0-0 19. a4 b4 20. b3 c4 21. bxc4 Bxc4 22. Qe2 Bxd3 23. cxd3 Qxa4 24. Bb6 Rd7 25. Qe4 Kb8 26. Rc1 Qb5 27. Rc6 Bd8 28. Bf2 a5 29. Rfc1 Be7 30. Rb6+ 1-0

[Event "COL-chT 21st"]
[Site "Cartagena"]
[Date "2019.11.30"]
[Round "6.2"]
[White "Ocampo Betancur, Cristina Angela"]
[Black "Rojas Castillo, Andrea Lizeth"]
[Result "0-1"]
[WhiteElo "1861"]
[BlackElo "1741"]
[PlyCount "89"]
[EventDate "2019.11.30"]
[EventType "team-swiss"]
[EventRounds "9"]
[EventCountry "COL"]
[SourceTitle "CBM 195 Extra"]
[Source "ChessBase"]
[SourceDate "2020.05.31"]
[SourceVersion "1"]
[SourceVersionDate "2020.05.31"]
[SourceQuality "1"]
[WhiteTeam "Risaralda"]
[BlackTeam "Boyaca"]
[WhiteTeamCountry "COL"]
[BlackTeamCountry "COL"]

1. e4 c5 2. Nf3 Nf6 3. e5 Nd5 4. c4 Nb6 5. d4 cxd4 6. Nxd4 e6 7. Nc3 Bb4 8. Ndb5 d5 9. exd6 0-0 10. Be2 Nc6 11. 0-0 a6 12. Nc7 Rb8 13. Bf4 e5 14. Bg3 Bxd6 15. N7d5 Nd7 16. Re1 Nf6 17. Bh4 Be7 18. Nxe7+ Qxe7 19. Nd5 Qe6 20. Bxf6 gxf6 21. Bd3 f5 22. Re3 Kh8 23. Qh5 Qg6 24. Rh3 Rg8 25. Qxg6 fxg6 26. Nf6 Rg7 27. c5 Be6 28. b3 Rf8 29. Nxh7 Rxh7 30. Re3 e4 31. Bc2 Rd8 32. f3 Bd5 33. Rd1 Rhd7 34. Rde1 exf3 35. gxf3 Kg7 36. Kf2 Kf6 37. Rg1 Rh8 38. Kg2 Ne5 39. Bd1 Bc6 40. Be2 Rhd8 41. Re1 Rd2 42. Kf1 Rxa2 43. Bc4 Nxc4 44. bxc4 Rc2 45. h4 0-1

[Event "COL-chT rapid (Women)"]
[Site "Cartagena"]
[Date "2019.11.29"]
[Round "2.2"]
[White "Rojas Castillo, Andrea Lizeth"]
[Black "Lizarazo, Alba Patricia"]
[Result "1-0"]
[WhiteElo "1784"]
[BlackElo "1806"]
[PlyCount "145"]
[EventDate "2019.11.29"]
[EventType "team-swiss"]
[EventRounds "7"]
[EventCountry "COL"]
[SourceTitle "CBM 193 Extra"]
[Source "ChessBase"]
[SourceDate "2020.01.31"]
[SourceVersion "1"]
[SourceVersionDate "2020.01.31"]
[SourceQuality "1"]
[WhiteTeam "Boyaca (W)"]
[BlackTeam "Norte de Santander (W)"]
[WhiteTeamCountry "COL"]
[BlackTeamCountry "COL"]

1. d4 Nf6 2. Bf4 g6 3. e3 Bg7 4. h3 d6 5. c3 Nc6 6. Nf3 0-0 7. Be2 Re8 8. 0-0 Bd7 9. Nbd2 e5 10. Bg3 e4 11. Ne1 d5 12. Nc2 Be6 13. a3 Ne7 14. c4 c6 15. c5 b6 16. b4 bxc5 17. bxc5 a5 18. Rb1 Nf5 19. Bh2 Bc8 20. Rb6 Ne7 21. Re1 Nd7 22. Rb1 f5 23. Nb3 Rf8 24. Qd2 a4 25. Nc1 Qa5 26. Qxa5 Rxa5 27. Na2 Ra7 28. Ncb4 g5 29. Bd6 Nxc5 30. Bxc5 Rc7 31. Nc3 f4 32. Nxa4 fxe3 33. fxe3 Rf7 34. Nc3 Nf5 35. Bg4 Bf8 36. Bxf8 Rxf8 37. Rbc1 Bd7 38. Ncxd5 Ra7 39. Nxc6 Rxa3 40. Nce7+ Kh8 41. Rf1 Bb5 42. Rxf5 Rfa8 43. Rxg5 Rd3 44. Bf5 Rd2 45. Bxe4 Rf8 46. Bf3 Be2 47. Bxe2 Rxe2 48. Rc8 Ref2 49. Rxf8+ Rxf8 50. Rg8+ Rxg8 51. Nxg8 Kxg8 52. Nf4 Kf7 53. e4 Ke7 54. Kf2 Kd6 55. Ke3 Ke7 56. e5 Kd7 57. d5 Ke7 58. Ke4 h5 59. d6+ Kd7 60. Kd5 h4 61. e6+ Kd8 62. e7+ Kd7 63. Nd3 Ke8 64. Kc6 Kf7 65. Kd7 Kf6 66. e8Q Kg5 67. Qe5+ Kg6 68. Nf4+ Kh7 69. Qf5+ Kg8 70. Qg6+ Kh8 71. Qg4 Kh7 72. Ke7 Kh6 73. Qg6# 1-0

[Event "COL pre olympic sf3"]
[Site "Cartagena"]
[Date "2019.08.18"]
[Round "8"]
[White "Rojas Castillo, Andrea Lizeth"]
[Black "Matta, Paola Andrea"]
[Result "0-1"]
[WhiteElo "1684"]
[BlackElo "1939"]
[PlyCount "30"]
[EventDate "2019.08.14"]
[EventType "swiss"]
[EventRounds "10"]
[EventCountry "COL"]
[SourceTitle "EXT 2020"]
[Source "ChessBase"]
[SourceDate "2019.10.17"]
[SourceVersion "1"]
[SourceVersionDate "2019.10.17"]
[SourceQuality "1"]

1. d4 Nf6 2. Bf4 d6 3. Nf3 Nbd7 4. e3 b6 5. c4 Bb7 6. Nc3 g6 7. h3 Bg7 8. Be2 0-0 9. 0-0 Ne4 10. Bd3 Nxc3 11. bxc3 e5 12. dxe5 dxe5 13. Bg5 Bxf3 14. Bxd8 Bxd1 15. Bxc7 Ba4 0-1

[Event "COL pre olympic sf3"]
[Site "Cartagena"]
[Date "2019.08.16"]
[Round "4"]
[White "Rojas Castillo, Andrea Lizeth"]
[Black "Rodriguez Martinez, Edgar"]
[Result "1-0"]
[WhiteElo "1684"]
[BlackElo "1604"]
[PlyCount "143"]
[EventDate "2019.08.14"]
[EventType "swiss"]
[EventRounds "10"]
[EventCountry "COL"]
[SourceTitle "EXT 2020"]
[Source "ChessBase"]
[SourceDate "2019.10.17"]
[SourceVersion "1"]
[SourceVersionDate "2019.10.17"]
[SourceQuality "1"]

1. d4 d5 2. Bf4 Nf6 3. e3 e6 4. Bd3 Bd6 5. Bg3 0-0 6. Nf3 c5 7. c3 Nc6 8. Nbd2 Re8 9. Ne5 cxd4 10. exd4 Qc7 11. Ndf3 Ne4 12. Qe2 f5 13. Nxc6 bxc6 14. Bxd6 Qxd6 15. 0-0 Rb8 16. Rab1 Re7 17. Ne1 c5 18. Nf3 Reb7 19. dxc5 Qxc5 20. Nd4 e5 21. Nb3 Qd6 22. Rfd1 Nf6 23. h3 Be6 24. Re1 e4 25. Bc2 a5 26. Bd1 a4 27. Nd4 a3 28. Bb3 axb2 29. Nxe6 Qxe6 30. Rxb2 Qe5 31. Rc2 Rc7 32. Rec1 Rbc8 33. Qd2 f4 34. Qd4 Qxd4 35. cxd4 Rxc2 36. Rxc2 Rxc2 37. Bxc2 Kf8 38. Kf1 Ke7 39. Ke2 Kd6 40. Kd2 Kc6 41. Kc3 Kb5 42. Bb3 h5 43. a4+ Ka5 44. Bd1 g5 45. Kd2 Kb4 46. g3 fxg3 47. fxg3 Kc4 48. Ke3 g4 49. h4 Ne8 50. Be2+ Kb4 51. Kf4 Nc7 52. Ke5 Kc3 53. Kd6 Kxd4 54. Kxc7 Kc3 55. a5 d4 56. a6 d3 57. Bd1 e3 58. a7 e2 59. Bxe2 dxe2 60. a8Q Kd2 61. Qd5+ Kc2 62. Qc4+ Kd2 63. Qd4+ Kc1 64. Qg1+ Kd2 65. Qf2 Kd1 66. Qd4+ Ke1 67. Kd6 Kf1 68. Qf4+ Kg2 69. Qd2 Kxg3 70. Qxe2 Kxh4 71. Ke5 g3 72. Kf4 1-0

[Event "Gachantiva op 9th"]
[Site "Gachantiva"]
[Date "2019.06.24"]
[Round "6"]
[White "Murillo, Duber1111"]
[Black "Rojas Castillo, Andrea Lizeth"]
[Result "1-0"]
[WhiteElo "1906"]
[BlackElo "1680"]
[PlyCount "69"]
[EventDate "2019.06.21"]
[EventType "swiss"]
[EventRounds "7"]
[EventCountry "COL"]
[SourceTitle "CBM 191 Extra"]
[Source "ChessBase"]
[SourceDate "2019.09.30"]
[SourceVersion "1"]
[SourceVersionDate "2019.09.30"]
[SourceQuality "1"]

1. d4 d5 2. c4 c6 3. Nc3 Nf6 4. Bf4 e6 5. e3 Be7 6. Nf3 Nbd7 7. Rc1 0-0 8. Be2 Re8 9. Qc2 dxc4 10. Bxc4 Nd5 11. Nxd5 exd5 12. Bd3 Bb4+ 13. Nd2 Nf6 14. 0-0 h6 15. a3 Bd6 16. Bxd6 Qxd6 17. Rfe1 Be6 18. b4 Rec8 19. Nb3 Qe7 20. Nc5 a5 21. Rb1 axb4 22. Rxb4 Ra7 23. Reb1 b5 24. Nxe6 Qxe6 25. Bf5 Qe8 26. Bxc8 Qxc8 27. Rxb5 Ra8 28. Rb6 Kf8 29. a4 Qg4 30. Qxc6 Rc8 31. Qxc8+ Qxc8 32. Rb8 Qxb8 33. Rxb8+ Ke7 34. Rb7+ Ke6 35. a5 1-0

[Event "Gachantiva op 9th"]
[Site "Gachantiva"]
[Date "2019.06.23"]
[Round "4"]
[White "Lopez Ramirez, Jorge Hernan"]
[Black "Rojas Castillo, Andrea Lizeth"]
[Result "1-0"]
[WhiteElo "1936"]
[BlackElo "1680"]
[PlyCount "83"]
[EventDate "2019.06.21"]
[EventType "swiss"]
[EventRounds "7"]
[EventCountry "COL"]
[SourceTitle "CBM 191 Extra"]
[Source "ChessBase"]
[SourceDate "2019.09.30"]
[SourceVersion "1"]
[SourceVersionDate "2019.09.30"]
[SourceQuality "1"]

1. e4 c5 2. Nf3 e6 3. d4 cxd4 4. Nxd4 a6 5. Nc3 Qc7 6. g3 Bb4 7. Bd2 Nf6 8. Bg2 Nc6 9. Nb3 0-0 10. 0-0 Be7 11. a4 d6 12. a5 Rb8 13. Na4 Bd7 14. Nb6 Ne5 15. Nxd7 Nexd7 16. Bc3 Rfd8 17. f4 Nc5 18. Nd2 d5 19. Be5 Bd6 20. Bxd6 Qxd6 21. e5 Qe7 22. exf6 Qxf6 23. b3 Rdc8 24. Nf3 Ne4 25. Ne5 Nc3 26. Qd3 Qe7 27. Nf3 Qc5+ 28. Kh1 Ne4 29. Nd4 Rd8 30. Rad1 Nc3 31. Ra1 Ne4 32. Rae1 Nd6 33. f5 Ne4 34. fxe6 fxe6 35. Bxe4 dxe4 36. Nxe6 exd3 37. Nxc5 dxc2 38. Rc1 Rd2 39. Ne4 Re2 40. Rfe1 Rd8 41. Rxe2 Rd1+ 42. Re1 1-0

[Event "COL-ch sf1"]
[Site "Medellin"]
[Date "2019.04.18"]
[Round "4"]
[White "Corredor Castellanos, Camilo"]
[Black "Rojas Castillo, Andrea Lizeth"]
[Result "1-0"]
[WhiteElo "1972"]
[BlackElo "1688"]
[PlyCount "53"]
[EventDate "2019.04.16"]
[EventType "swiss"]
[EventRounds "10"]
[EventCountry "COL"]
[SourceTitle "CBM 190 Extra"]
[Source "ChessBase"]
[SourceDate "2019.07.15"]
[SourceVersion "1"]
[SourceVersionDate "2019.07.15"]
[SourceQuality "1"]

1. d4 Nf6 2. c4 e6 3. Nc3 b6 4. e4 d6 5. Bd3 Bb7 6. Nge2 Be7 7. 0-0 0-0 8. f4 c5 9. d5 a6 10. a4 Nbd7 11. Ng3 Re8 12. Bd2 g6 13. Qf3 Bf8 14. Rae1 exd5 15. exd5 Bg7 16. Rxe8+ Qxe8 17. Re1 Qb8 18. Nge4 Qc7 19. Nxf6+ Nxf6 20. f5 Nd7 21. fxg6 fxg6 22. Re7 Rf8 23. Qh3 Bc8 24. Bh6 Bd4+ 25. Kh1 Rf7 26. Rxf7 Kxf7 27. Qe6# 1-0

[Event "Tunja Boyacense op"]
[Site "Tunja"]
[Date "2018.12.15"]
[Round "4"]
[White "Rojas Castillo, Andrea Lizeth"]
[Black "Malagon Guzman, Juan Daniel"]
[Result "0-1"]
[WhiteElo "1696"]
[BlackElo "1101"]
[PlyCount "98"]
[EventDate "2018.12.13"]
[EventType "swiss"]
[EventRounds "7"]
[EventCountry "COL"]
[SourceTitle "CBM 187 Extra"]
[Source "ChessBase"]
[SourceDate "2018.11.04"]
[SourceVersion "1"]
[SourceVersionDate "2018.11.04"]
[SourceQuality "1"]

1. d4 d5 2. Bf4 Nc6 3. e3 Nf6 4. c4 e6 5. Nc3 Be7 6. h3 b6 7. Nf3 Bb7 8. Bd3 Qd7 9. 0-0 0-0 10. Rc1 Bd6 11. Ne5 Qe7 12. Nb5 Nd7 13. cxd5 Ncxe5 14. dxe5 Nxe5 15. Bxe5 Bxe5 16. Qh5 f5 17. dxe6 Qxe6 18. Bc4 Bd5 19. Bxd5 Qxd5 20. Nxc7 Bxc7 21. Rxc7 Qxa2 22. Qe2 Qe6 23. Rfc1 Qe5 24. Qc4+ Kh8 25. b3 b5 26. Qc6 h6 27. Rc5 Qa1+ 28. Kh2 a6 29. Qg6 Qf6 30. Qg3 f4 31. exf4 Qxf4 32. Rxg7 Qxg3+ 33. Rxg3 Rxf2 34. Rc6 Kh7 35. Rgg6 a5 36. Rxh6+ Kg7 37. Rhg6+ Kf7 38. Rg5 a4 39. bxa4 bxa4 40. Rc1 a3 41. Ra1 a2 42. Kg3 Rb2 43. Rf5+ Ke6 44. Rff1 Rg8+ 45. Kh4 Rgxg2 46. Rfd1 Rb7 47. Re1+ Kf6 48. Rf1+ Kg6 49. Rxa2 Rh7# 0-1

[Event "Tunja Boyacense op"]
[Site "Tunja"]
[Date "2018.12.13"]
[Round "1"]
[White "Palencia Morales, Wilson Guillermo"]
[Black "Rojas Castillo, Andrea Lizeth"]
[Result "1-0"]
[WhiteElo "2326"]
[BlackElo "1696"]
[PlyCount "65"]
[EventDate "2018.12.13"]
[EventType "swiss"]
[EventRounds "7"]
[EventCountry "COL"]
[SourceTitle "CBM 187 Extra"]
[Source "ChessBase"]
[SourceDate "2018.11.04"]
[SourceVersion "1"]
[SourceVersionDate "2018.11.04"]
[SourceQuality "1"]

1. e4 c5 2. Nf3 e6 3. d4 cxd4 4. Nxd4 a6 5. Bd3 Qc7 6. 0-0 Nf6 7. c4 Nc6 8. Be3 Be7 9. Nxc6 bxc6 10. f4 d5 11. Nc3 Bb7 12. cxd5 cxd5 13. Rc1 Qd8 14. e5 Nd7 15. Ne2 0-0 16. Nd4 Rc8 17. Qh5 g6 18. Rxc8 Qxc8 19. Qh6 Re8 20. Nxe6 Bf8 21. Nxf8 Nxf8 22. f5 gxf5 23. Bg5 Qc5+ 24. Kh1 Ng6 25. Bf6 Qf8 26. Qg5 Re6 27. Bxf5 Rb6 28. e6 Qe8 29. Bxg6 fxg6 30. Qh6 Qf8 31. Qxf8+ Kxf8 32. Bd8+ Ke8 33. Bxb6 1-0

[Event "COL-ch U26 (Women)"]
[Site "Medellin"]
[Date "2018.10.19"]
[Round "3"]
[White "Rojas Castillo, Andrea Lizeth"]
[Black "Dominguez, Laura Lucia"]
[Result "0-1"]
[WhiteElo "1689"]
[BlackElo "2005"]
[PlyCount "38"]
[EventDate "2018.10.18"]
[EventType "swiss"]
[EventRounds "6"]
[EventCountry "COL"]
[SourceTitle "CBM 187 Extra"]
[Source "ChessBase"]
[SourceDate "2018.11.04"]
[SourceVersion "1"]
[SourceVersionDate "2018.11.04"]
[SourceQuality "1"]

1. d4 g6 2. Bf4 Bg7 3. Nf3 Nf6 4. e3 0-0 5. h3 d6 6. c3 b6 7. Be2 c5 8. 0-0 Bb7 9. Nbd2 Nbd7 10. Rc1 Qc7 11. Bh2 e5 12. dxe5 dxe5 13. Qb3 Rae8 14. Rfd1 h6 15. Nc4 Re6 16. Qc2 a6 17. b4 b5 18. Na5 Be4 19. Qd2 c4 0-1